[Event "Oberliga Ost-B 0708"]
[Site "Germany"]
[Date "2007.12.09"]
[Round "5.5"]
[White "Schlein, Julia"]
[Black "Sieber, Stephan"]
[Result "1/2-1/2"]
[WhiteElo "2144"]
[BlackElo "2237"]
[PlyCount "158"]
[EventDate "2007.10.07"]
[EventType "team-tourn"]
[EventRounds "11"]
[EventCountry "GER"]
[SourceTitle "EXT 2009"]
[Source "ChessBase"]
[SourceDate "2008.11.26"]
[SourceVersion "1"]
[SourceVersionDate "2008.11.26"]
[SourceQuality "1"]
[WhiteTeam "Steinbach"]
[BlackTeam "Erfurt Empor"]
[WhiteTeamCountry "GER"]
[BlackTeamCountry "GER"]

1. d4 f5 2. g3 Nf6 3. Bg2 g6 4. c4 Bg7 5. Nf3 d6 6. b4 0-0 7. Bb2 Qe8 8. Qb3 Kh8 9. Nbd2 Nc6 10. b5 Nd8 11. 0-0 Nh5 12. e4 f4 13. e5 h6 14. Rfe1 Qf7 15. d5 fxg3 16. fxg3 dxe5 17. Rf1 Qe8 18. Nxe5 Rxf1+ 19. Rxf1 Nf6 20. Ndf3 g5 21. Qd3 Kg8 22. Nd4 Nf7 23. Nxf7 Qxf7 24. Be4 Qh5 25. Bg6 Qg4 26. Nf5 Bxf5 27. Bxf5 Qh5 28. Be5 Rf8 29. Bxc7 Ng4 30. Be6+ Kh8 31. Rxf8+ Bxf8 32. Qe2 Nf6 33. Qxh5 Nxh5 34. Bc8 b6 35. Bb8 Bg7 36. Bxa7 Bd4+ 37. Kg2 Nf6 38. a4 Ne4 39. a5 Nd6 40. Bxb6 Bc3 41. Be6 Nxc4 42. Bd8 Bxa5 43. Bxe7 Bc7 44. Bc5 Kg7 45. Kf3 h5 46. Ke2 Kf6 47. Kd3 Ne5+ 48. Ke4 Nc4 49. Bd4+ Ke7 50. Kf5 h4 51. Bc5+ Kd8 52. gxh4 gxh4 53. h3 Nd6+ 54. Kg4 Nxb5 55. Kxh4 Be5 56. Kg4 Nd6 57. Kh5 Ke7 58. Kg6 Bg3 59. Bb4 Bh4 60. Bf5 Bg3 61. Bd2 Nf7 62. Be6 Ne5+ 63. Kf5 Nc4 64. Bg5+ Kf8 65. h4 Kg7 66. h5 Nd6+ 67. Kg4 Be5 68. h6+ Kg6 69. Bc1 Ne8 70. Bf5+ Kf7 71. Kg5 Kg8 72. Kg6 Nd6 73. Bd7 Nc4 74. Bg5 Kh8 75. Bf6+ Bxf6 76. Kxf6 Nb6 77. d6 Nxd7+ 78. Ke7 Nc5 79. Kd8 Nb7+ 1/2-1/2

[Event "Oberliga Ost-B 0708"]
[Site "Germany"]
[Date "2007.11.04"]
[Round "3.6"]
[White "Schlein, Julia"]
[Black "Kayser, Felix"]
[Result "1-0"]
[WhiteElo "2144"]
[BlackElo "2210"]
[PlyCount "103"]
[EventDate "2007.10.07"]
[EventType "team-tourn"]
[EventRounds "11"]
[EventCountry "GER"]
[SourceTitle "EXT 2009"]
[Source "ChessBase"]
[SourceDate "2008.11.26"]
[SourceVersion "1"]
[SourceVersionDate "2008.11.26"]
[SourceQuality "1"]
[WhiteTeam "Steinbach"]
[BlackTeam "Wiesbaden"]
[WhiteTeamCountry "GER"]
[BlackTeamCountry "GER"]

1. d4 d5 2. c4 dxc4 3. Nf3 Nf6 4. e3 e6 5. Bxc4 a6 6. a3 c5 7. 0-0 b5 8. Be2 Nbd7 9. Nc3 Bb7 10. dxc5 Bxc5 11. b4 Be7 12. Qd4 0-0 13. Rd1 Nd5 14. Nxd5 Bxd5 15. Bb2 Bf6 16. Qd2 Nb6 17. Bd4 Nc4 18. Bxc4 Bxc4 19. Qb2 Bxd4 20. Rxd4 Qf6 21. Rad1 Bd5 22. Qe2 Rac8 23. e4 Bc4 24. Qe3 h6 25. Nd2 e5 26. Rd7 Rfd8 27. Nxc4 Rxd7 28. Rxd7 bxc4 29. Qc3 Qc6 30. Rd5 Qa4 31. Rd2 Qb3 32. Qb2 a5 33. bxa5 Qa4 34. Qb7 Rf8 35. Qb4 Qc6 36. Rd5 Rc8 37. Qc3 Rb8 38. h3 f6 39. Qe3 Rb3 40. Qa7 Rb7 41. Qc5 Rb1+ 42. Kh2 Qa6 43. Rd6 Qa8 44. Qxc4+ Kh7 45. Rd7 Qe8 46. Qd3 Rb2 47. Rd8 Qg6 48. Qd5 Qg5 49. Qg8+ Kg6 50. Rd3 Qf4+ 51. Rg3+ Kh5 52. Qxg7 1-0

[Event "Oberliga Ost-B 0607"]
[Site "Germany"]
[Date "2007.04.22"]
[Round "11.6"]
[White "Kaulfuss, Helmut"]
[Black "Schlein, Julia"]
[Result "1/2-1/2"]
[WhiteElo "2197"]
[BlackElo "2103"]
[PlyCount "129"]
[EventDate "2006.10.15"]
[EventType "team-tourn"]
[EventRounds "11"]
[EventCountry "GER"]
[SourceTitle "EXT 2008"]
[Source "ChessBase"]
[SourceDate "2007.11.25"]
[SourceVersion "1"]
[SourceVersionDate "2007.11.25"]
[SourceQuality "1"]
[WhiteTeam "Hofheim II"]
[BlackTeam "Steinbach"]
[WhiteTeamCountry "GER"]
[BlackTeamCountry "GER"]

1. e4 e6 2. d3 d5 3. Nd2 c5 4. g3 Nc6 5. Bg2 d4 6. Ne2 e5 7. f4 Bd6 8. 0-0 Nf6 9. h3 Rb8 10. a4 a6 11. Nc4 Bc7 12. fxe5 Nxe5 13. Nxe5 Bxe5 14. a5 0-0 15. b3 Qc7 16. Bf4 Re8 17. Qd2 Nh5 18. Bxe5 Qxe5 19. g4 Ng3 20. Nxg3 Qxg3 21. Rf3 Qe5 22. Raf1 Be6 23. g5 Rbd8 24. Qf4 Qxf4 25. Rxf4 Re7 26. Kh2 Rc7 27. h4 Re8 28. Kg3 Rce7 29. Bh3 Rc7 30. h5 Bxh3 31. Kxh3 Re6 32. Rf5 Rd6 33. Kg4 Re6 34. Rd5 Kf8 35. Rff5 g6 36. Rf2 Ke7 37. Rh2 Rd6 38. Re5+ Re6 39. Kf4 Kd6 40. Rd5+ Kc6 41. Rd8 f6 42. hxg6 fxg5+ 43. Kg4 Rxg6 44. Rd5 h6 45. Rf2 Re6 46. Rff5 Kb5 47. Rxd4 Kxa5 48. b4+ Kb6 49. bxc5+ Rxc5 50. Rxc5 Kxc5 51. Rd5+ Kc6 52. Kf5 Re8 53. c4 b5 54. e5 b4 55. Rd6+ Kc5 56. Rxa6 b3 57. Rxh6 b2 58. Rh1 Kd4 59. e6 Kxd3 60. c5 Rc8 61. e7 Rxc5+ 62. Ke6 Rc8 63. Rd1+ Kc2 64. Rd8 Rxd8 65. exd8Q 1/2-1/2

[Event "Oberliga Ost-B 0607"]
[Site "Germany"]
[Date "2006.12.10"]
[Round "4.7"]
[White "Jakob, Matthias"]
[Black "Schlein, Julia"]
[Result "0-1"]
[WhiteElo "2082"]
[BlackElo "2103"]
[PlyCount "46"]
[EventDate "2006.10.15"]
[EventType "team-tourn"]
[EventRounds "11"]
[EventCountry "GER"]
[SourceTitle "EXT 2008"]
[Source "ChessBase"]
[SourceDate "2007.11.25"]
[SourceVersion "1"]
[SourceVersionDate "2007.11.25"]
[SourceQuality "1"]
[WhiteTeam "Erfurt Medizin"]
[BlackTeam "Steinbach"]
[WhiteTeamCountry "GER"]
[BlackTeamCountry "GER"]

1. d4 d5 2. Nf3 Nf6 3. e3 c6 4. c4 Bf5 5. Nc3 e6 6. Ne5 Bd6 7. g4 Bxe5 8. gxf5 Bd6 9. Qf3 e5 10. cxd5 cxd5 11. dxe5 Bxe5 12. Bd2 Nc6 13. Bb5 Rc8 14. Rg1 Qb6 15. Be2 Ne4 16. Nxe4 Qxb2 17. Rd1 dxe4 18. Qxe4 0-0 19. Bd3 Bf6 20. h4 Rfe8 21. Qg4 Ne5 22. Qe2 Nxd3+ 23. Qxd3 Red8 0-1

[Event "Oberliga Ost-B 0506"]
[Site "Germany"]
[Date "2006.04.02"]
[Round "11.5"]
[White "Schlein, Julia"]
[Black "Kirschbaum, Gunnar"]
[Result "0-1"]
[WhiteElo "2115"]
[BlackElo "2204"]
[PlyCount "64"]
[EventDate "2005.11.13"]
[EventType "team-tourn"]
[EventRounds "11"]
[EventCountry "GER"]
[SourceTitle "EXT 2007"]
[Source "ChessBase"]
[SourceDate "2006.11.23"]
[SourceVersion "1"]
[SourceVersionDate "2006.11.23"]
[SourceQuality "1"]
[WhiteTeam "Steinbach"]
[BlackTeam "Erfurt Medizin"]
[WhiteTeamCountry "GER"]
[BlackTeamCountry "GER"]

1. d4 g6 2. Nf3 Nf6 3. c4 Bg7 4. Nc3 0-0 5. e4 d6 6. Be2 e5 7. dxe5 dxe5 8. 0-0 c6 9. Qc2 Qe7 10. Rd1 Bg4 11. h3 Bxf3 12. Bxf3 Na6 13. Be3 Nc5 14. b4 Ne6 15. Rab1 h5 16. c5 a5 17. b5 Nh7 18. bxc6 bxc6 19. Rd6 Nhg5 20. Be2 Nd4 21. Bxd4 exd4 22. Na4 Nxe4 23. Rxc6 Rad8 24. Bc4 d3 25. Bxd3 Nxf2 26. Bxg6 fxg6 27. Qxg6 Nxh3+ 28. gxh3 Qe3+ 29. Kh1 Qxh3+ 30. Kg1 Kh8 31. Rd6 Rxd6 32. Qxd6 Qg4+ 0-1

[Event "Oberliga Ost-B 0506"]
[Site "Germany"]
[Date "2006.01.29"]
[Round "7.6"]
[White "Kayser, Felix"]
[Black "Schlein, Julia"]
[Result "1/2-1/2"]
[WhiteElo "2147"]
[BlackElo "2115"]
[PlyCount "111"]
[EventDate "2005.11.13"]
[EventType "team-tourn"]
[EventRounds "11"]
[EventCountry "GER"]
[SourceTitle "EXT 2007"]
[Source "ChessBase"]
[SourceDate "2006.11.23"]
[SourceVersion "1"]
[SourceVersionDate "2006.11.23"]
[SourceQuality "1"]
[WhiteTeam "Wiesbaden"]
[BlackTeam "Steinbach"]
[WhiteTeamCountry "GER"]
[BlackTeamCountry "GER"]

1. e4 e6 2. d4 d5 3. exd5 exd5 4. Bd3 Nf6 5. Ne2 Bd6 6. Bf4 0-0 7. 0-0 Bg4 8. f3 Bh5 9. Qd2 Bg6 10. Bxg6 hxg6 11. Nbc3 c6 12. Nc1 Nh5 13. Be5 Na6 14. Nd3 Nc7 15. Nc5 Rb8 16. Rfe1 b6 17. Nd3 Ne6 18. Re2 g5 19. g3 Qd7 20. Rae1 Rbe8 21. Nd1 f6 22. Bxd6 Qxd6 23. c3 Re7 24. g4 Nhf4 25. Nxf4 gxf4 26. Qd3 Rfe8 27. Kg2 Nf8 28. h4 Rxe2+ 29. Rxe2 Rxe2+ 30. Qxe2 Qe6 31. Qd2 Ng6 32. h5 Nf8 33. Nf2 Qd6 34. Nh3 Ne6 35. Qd3 Qe7 36. Qf5 Ng5 37. Nxf4 Qe3 38. Nd3 Qe2+ 39. Nf2 Nh3 40. Kxh3 Qxf2 41. Qc8+ Kh7 42. Qf5+ Kg8 43. Qd3 Qxb2 44. Qe3 Qb1 45. Kg3 Kh7 46. a4 Qc2 47. h6 Qd1 48. hxg7 Kxg7 49. Qe7+ Kg6 50. Qe8+ Kg7 51. Qxc6 Qe1+ 52. Kf4 Kg6 53. Qc7 Qc1+ 54. Kg3 Qg1+ 55. Kh3 Qf1+ 56. Kg3 1/2-1/2

[Event "Oberliga Ost-B 0506"]
[Site "Germany"]
[Date "2005.12.11"]
[Round "4"]
[White "Schlein, Julia"]
[Black "Koester, Roman"]
[Result "0-1"]
[WhiteElo "2091"]
[BlackElo "2087"]
[PlyCount "128"]
[EventDate "2005.11.13"]
[EventType "team-tourn"]
[EventRounds "11"]
[EventCountry "GER"]
[SourceTitle "CBM 109 Extra"]
[Source "ChessBase"]
[SourceDate "2006.01.03"]
[SourceVersion "2"]
[SourceVersionDate "2006.01.03"]
[SourceQuality "1"]

1. d4 g6 2. Nf3 Bg7 3. c4 d6 4. Nc3 Nd7 5. e4 e5 6. Be2 Ngf6 7. dxe5 dxe5 8. 0-0 0-0 9. Qc2 c6 10. Rd1 Re8 11. h3 Nh5 12. b4 Nf4 13. Bf1 Qe7 14. b5 Nf8 15. Ne2 Nxe2+ 16. Bxe2 Ne6 17. Be3 c5 18. a4 Nd4 19. Bxd4 exd4 20. Bd3 Qf6 21. e5 Qe7 22. a5 Bxe5 23. Nxe5 Qxe5 24. Re1 Qxe1+ 25. Rxe1 Rxe1+ 26. Kh2 Re7 27. Qd2 Be6 28. Qg5 Rc7 29. h4 f5 30. h5 Kg7 31. Qf4 Rac8 32. Qe5+ Kf7 33. h6 Re7 34. f3 Ke8 35. f4 Bxc4 36. Qh8+ Kd7 37. Bxf5+ gxf5 38. Qf6 Be6 39. g4 Rf7 40. Qe5 fxg4 41. Kg3 Rf5 42. Qg7+ Rf7 43. Qe5 b6 44. a6 Rc7 45. Kh4 Rf5 46. Qe4 Kd6 47. Kg3 Rd5 48. f5 Rxf5 49. Qxg4 Re5 50. Qh4 Kd5 51. Qh1+ Kd6 52. Qa8 d3 53. Qf8+ Re7 54. Qa8 Rd7 55. Qf8+ Kd5 56. Qf3+ Kd4 57. Qf4+ Re4 58. Qf2+ Kc3 59. Qf6+ Kc2 60. Qf3 Rdd4 61. Kh2 Rh4+ 62. Kg3 Rdg4+ 63. Kf2 Rf4 64. Ke1 d2+ 0-1

[Event "Hessen-ch MVT"]
[Site "Offenbach"]
[Date "2005.04.03"]
[Round "9"]
[White "Schlein, Julia"]
[Black "Bravo Lutz, Sebastian"]
[Result "1/2-1/2"]
[WhiteElo "2080"]
[BlackElo "2158"]
[PlyCount "82"]
[EventDate "2005.03.28"]
[EventType "swiss"]
[EventRounds "9"]
[EventCountry "GER"]
[SourceTitle "EXT 2006"]
[Source "ChessBase"]
[SourceDate "2005.11.24"]
[SourceVersion "1"]
[SourceVersionDate "2005.11.24"]
[SourceQuality "1"]

1. d4 d5 2. c4 e6 3. Nc3 f5 4. Bf4 c6 5. e3 Nf6 6. Nf3 Be7 7. Bd3 0-0 8. 0-0 Ne4 9. Nd2 Nd7 10. f3 Nxc3 11. bxc3 g5 12. Bg3 f4 13. Bf2 fxe3 14. Bxe3 Bd6 15. Re1 Kh8 16. Nf1 Rg8 17. Qc2 Nf8 18. Re2 Bd7 19. Rae1 Qf6 20. Bf2 Ng6 21. Bxg6 Rxg6 22. c5 Bf4 23. Bg3 Rag8 24. Qa4 a6 25. Qb3 Bc8 26. Qc2 Qg7 27. Qd3 h5 28. Ne3 Qc7 29. Bxf4 gxf4 30. Nc2 Qg7 31. Qd2 e5 32. Rf1 e4 33. fxe4 f3 34. Rxf3 Bg4 35. Rff2 Bxe2 36. Qxe2 dxe4 37. Qxe4 Qh6 38. Qe5+ R8g7 39. Ne3 Kh7 40. g3 h4 41. Nf5 hxg3 1/2-1/2

[Event "Hessen-ch MVT"]
[Site "Offenbach"]
[Date "2005.03.31"]
[Round "5"]
[White "Fritsch, Marcus"]
[Black "Schlein, Julia"]
[Result "1-0"]
[WhiteElo "2036"]
[BlackElo "2080"]
[PlyCount "67"]
[EventDate "2005.03.28"]
[EventType "swiss"]
[EventRounds "9"]
[EventCountry "GER"]
[SourceTitle "EXT 2006"]
[Source "ChessBase"]
[SourceDate "2005.11.24"]
[SourceVersion "1"]
[SourceVersionDate "2005.11.24"]
[SourceQuality "1"]

1. Nf3 Nf6 2. g3 g6 3. Bg2 Bg7 4. 0-0 0-0 5. d3 c5 6. Nbd2 Nc6 7. e4 d6 8. a4 Bg4 9. h3 Bd7 10. Nc4 Qc7 11. Re1 e5 12. Ne3 a6 13. c3 Rfe8 14. Nh2 h5 15. Nf3 Rab8 16. Ng5 Nd8 17. f4 exf4 18. gxf4 Ne6 19. Qf3 Bc6 20. Qg3 Nxg5 21. Qxg5 Qe7 22. Bd2 Nd7 23. Qg3 Kh7 24. Kh1 Bf6 25. Qf3 Qe6 26. Rg1 Bh4 27. c4 Bf6 28. Bc3 Bxc3 29. bxc3 Qf6 30. Ra3 Qh4 31. Nd5 Nf6 32. Bf1 Bd7 33. Qg3 Qxg3 34. Nxf6+ 1-0